Music Quiz

Random Music or Album Quiz

Songs on Random Access Memories Quiz Stats

 Plays Quiz not verified by Sporcle

Score 0/13 Timer 03:00
0 Plays Today
Track Number Song % Correct
7Touch (ft. Paul Williams)
90%
8Get Lucky (ft. Pharrell Williams)
90%
1Give Life Back to Music
80%
6Lose Yourself to Dance (ft. Pharrell Williams)
80%
5Instant Crush (ft. Julian Casablancas)
70%
3Giorgio by Moroder
70%
10Motherboard
70%
4Within
60%
12Doin' it Right (ft. Panda Bear)
60%
13Contact
60%
9Beyond
50%
11Fragments of Time (ft. Todd Edwards)
50%
2The Game of Love
40%

You're not logged in!

Compare scores with friends on all Sporcle quizzes.
OR
Log In

Show Comments

Extras

Top Quizzes Today


Score Distribution

Your Account Isn't Verified!

In order to create a playlist on Sporcle, you need to verify the email address you used during registration. Go to your Sporcle Settings to finish the process.

Report this User

Report this user for behavior that violates our Community Guidelines.

Details: